| 000 | 01114nam0a2200301 4500 | ||
|---|---|---|---|
| 001 | RU\NLR\bibl\797789 | ||
| 005 | 20250614124715.0 | ||
| 010 |
_a5-7493-0752-2 _9532 |
||
| 021 |
_aRU _b2005-5191 _9260 |
||
| 035 | _a(NLR Aleph) 000786985 | ||
| 090 |
_a1097762 _c1097762 |
||
| 100 | _a20050512d2004 |||y0rusy50 ca | ||
| 101 | 0 | _arus | |
| 102 | _aRU | ||
| 105 | _aha ||||||||| | ||
| 200 | 1 |
_aДороги, ведущие за горизонт... _e[организация молодежных пеших маршей "Идущие за горизонт" в 1999-2004 годах] _fВ.В. Лопашов _gСаров. физ.-техн. ин-т |
|
| 210 |
_aСаров _aСаранск _cБ.и. _d2004 |
||
| 215 |
_a190, [1] с. _cил., факс. _d21 |
||
| 606 | 1 |
_aТуризм _xв высшей школе _91815118 _3RU\NLR\auth\661112046 |
|
| 686 | _aЧ481.382.65 | ||
| 686 | _aЧ481.385.4 | ||
| 700 | 1 |
_aЛопашов _bВ. В. _gВячеслав Викторович _4070 |
|
| 801 | 0 |
_aRU _bNLR _c20050512 _gPSBO |
|
| 801 | 1 |
_aRU _bNLR _c20050512 |
|
| 942 | _cBOOK | ||
| 980 | _aNB | ||
| 980 | _aNBR | ||